000 00536nam a2200193Ia 4500
005 20250923144711.0
008 008 250917s9999 xx 000 0 eng d
037 _aTextual
040 _aDSWL
_beng
_cDSWL
041 _aeng
_2eng
084 _aX:75:2:N5, K0
_qDSWL
245 0 _aThird five year plan
_cby India Planning Commission
260 _aIndia
_bIndia Planning Commission
_c1960
300 _av,265p.
365 _aINR
_b1.50
925 _g1.50
942 _cTEXL
_hX:75:2:N5, K0
999 _c1442236
_d1442236